000 00505nam a22001817a 4500
999 _c3421
_d3378
008 190524b ||||| |||| 00| j eng d
020 _a9789750812071
041 _atur
050 _aPL248.T6595
100 _91544
_aToprak, Menekşe
245 _aValizdeki Mektup : Öykü
250 _a1.Baskı
260 _aİstanbul:
_bYapı Kredi Yayınları,
_cMart 2007
300 _a108 Sayfa
500 _aYapı Kredi Yayınları - 2449 Edebiyat - 764
650 0 _9145
_aTürk Edebiyatı
942 _2lcc
_cBK